Southville International School and Colleges
Your cart is empty.
  • Cart
  • Lists
    Public lists Eva Luna New books Lux_list list_1
    Your lists Log in to create your own lists
  • Log in to your account
  • Your cookies
  • Search history
Southville International School and Colleges
  • Advanced search
  • Recent comments
  • Most popular
  • Libraries

Log in to your account

Log in with GOOGLE


If you do not have an external account, but do have a local account, you can still log in:

  1. Home
  2. MARC view: Teaching play to children with autism :
Normal view MARC view ISBD view

Teaching play to children with autism : (Record no. 117985)

[ view plain ]
MARC details
000 -LEADER
fixed length control field 00666nam a2200193Ia 4500
008 - FIXED-LENGTH DATA ELEMENTS--GENERAL INFORMATION
fixed length control field 140609s9999 xx 000 0 und d
020 ## - INTERNATIONAL STANDARD BOOK NUMBER
International Standard Book Number 9781446207666
050 ## - LIBRARY OF CONGRESS CALL NUMBER
Classification number LC 4717
Item number .P539 2012
100 ## - MAIN ENTRY--PERSONAL NAME
Personal name Phillips, Nicky.
245 ## - TITLE STATEMENT
Title Teaching play to children with autism :
Remainder of title practical interventions using identiplay /
Statement of responsibility, etc Nicky Phillips, Liz Beavan
250 ## - EDITION STATEMENT
Edition statement 2nd ed.
260 ## - PUBLICATION, DISTRIBUTION, ETC. (IMPRINT)
Place of publication, distribution, etc Thousand Oaks, CA :
Name of publisher, distributor, etc Sage Publications,
Date of publication, distribution, etc c2012.
300 ## - PHYSICAL DESCRIPTION
Extent 118 p. :
Other physical details ill. ;
Dimensions 25 cm.
Accompanying material + 1 CD-ROM (4 3/4 in).
500 ## - GENERAL NOTE
General note Includes bibliographical references.
521 ## - TARGET AUDIENCE NOTE
Target audience note
650 ## - SUBJECT ADDED ENTRY--TOPICAL TERM
Topical term or geographic name as entry element Autistic children
General subdivision Education.
942 ## - ADDED ENTRY ELEMENTS (KOHA)
Call number prefix Foreign
Koha item type Books
Holdings
Withdrawn status Lost status Damaged status Home library Current library Shelving location Date acquired Cost, normal purchase price Total Checkouts Full call number Barcode Date last seen Price effective from Koha item type
      College Library College Library Reserve Section 06/09/2014 3511.00   LC 4717 .P539 2012 C18273 05/15/2018 06/09/2014 Books

Teaching play to children with autism :

APA

Phillips N., . (2012). Teaching play to children with autism. Thousand Oaks, CA: Sage Publications.

Chicago

Phillips Nicky, . 2012. Teaching play to children with autism. Thousand Oaks, CA: Sage Publications.

Harvard

Phillips N., . (2012). Teaching play to children with autism. Thousand Oaks, CA: Sage Publications.

MLA

Phillips Nicky, . Teaching play to children with autism. Thousand Oaks, CA: Sage Publications. 2012.

  • Place hold
  • Print
  • Cite
  • Add to your cart (remove)
  • Save record
    BIBTEX Dublin Core MARCXML MARC (non-Unicode/MARC-8) MARC (Unicode/UTF-8) MARC (Unicode/UTF-8, Standard) MODS (XML) RIS
  • More searches
    Search for this title in:
    Other Libraries (WorldCat) Other Databases (Google Scholar) Online Stores (Bookfinder.com) Open Library (openlibrary.org)

Exporting to Dublin Core...

SOUTHVILLE LIBRARY

Southville International School and Colleges Library

1281 Tropical Ave. Cor. Luxembourg St., BF Homes International, Las Pinas City

Tel. No. 8256374 / 252358 Loc. 117/146

Powered by Koha